| 000 | 00605nam a22002057a 4500 | ||
|---|---|---|---|
| 005 | 20260313064112.0 | ||
| 008 | 260313b |||||||| |||| 00| 0 eng d | ||
| 020 | _a9788199508347 | ||
| 040 |
_aIN-DiNC _cIN-DiNC |
||
| 041 | _dasm | ||
| 082 |
_a323.4 _bGOH |
||
| 100 |
_aGohain, Nabin _eauthor |
||
| 245 |
_aTulanamulak prekshapatat manab adhikar (Major 14)/ _cby Nabin Gohain and Pankaj Bora |
||
| 250 | _a1st ed. | ||
| 260 |
_aJorhat: _bBidya bhawan, _c2025. |
||
| 300 | _a408p. | ||
| 650 | _aHuman rights in comparative perspective (Major 14) | ||
| 700 |
_aBora, Pankaj _eauthor |
||
| 942 |
_2ddc _cBK |
||
| 999 |
_c12323 _d12323 |
||